[Event "FRA-ch High Schools"]
[Site "Asnieres sur Seine"]
[Date "2018.05.05"]
[Round "5.5"]
[White "Eden, James"]
[Black "Noireaut, Hung"]
[Result "1-0"]
[WhiteElo "2183"]
[BlackElo "1960"]
[PlyCount "53"]
[EventDate "2018.05.12"]
[EventType "swiss (rapid)"]
[EventRounds "17"]
[EventCountry "FRA"]
[SourceTitle "EXT 2019"]
[Source "ChessBase"]
[SourceDate "2018.10.10"]
[SourceVersion "1"]
[SourceVersionDate "2018.10.10"]
[SourceQuality "1"]

1. b3 e5 2. Bb2 d6 3. e3 Nf6 4. d4 Nbd7 5. dxe5 dxe5 6. Nf3 Bd6 7. Nbd2 e4 8. Nd4 0-0 9. c4 Ne5 10. Qc2 Bb4 11. a3 Bxd2+ 12. Qxd2 c6 13. Be2 Bg4 14. f3 Bh5 15. 0-0-0 Qe7 16. Qb4 Qc7 17. Qc3 Rfe8 18. Nf5 exf3 19. gxf3 Bxf3 20. Bxf3 Nxf3 21. Nxg7 Ne5 22. Rhg1 Kh8 23. Nxe8 Rxe8 24. Rg5 Ne4 25. Qxe5+ Qxe5 26. Rxe5 a6 27. Rg5+ 1-0

[Event "Saint Affrique op 22nd"]
[Site "Saint Affrique"]
[Date "2014.07.24"]
[Round "7"]
[White "Robic, Damien"]
[Black "Noireaut, Hung"]
[Result "1/2-1/2"]
[WhiteElo "1663"]
[BlackElo "2007"]
[PlyCount "84"]
[EventDate "2014.07.19"]
[EventType "swiss"]
[EventRounds "9"]
[EventCountry "FRA"]
[SourceTitle "CBM 161 Extra"]
[Source "ChessBase"]
[SourceDate "2014.08.29"]
[SourceVersion "1"]
[SourceVersionDate "2014.08.29"]
[SourceQuality "1"]

1. e4 Nf6 2. e5 Nd5 3. c4 Nb6 4. c5 Nd5 5. Nc3 c6 6. Nxd5 cxd5 7. Qb3 d4 8. Nf3 Nc6 9. Bb5 e6 10. Qc4 Qc7 11. Bxc6 Qxc6 12. 0-0 Qxc5 13. Qxd4 Qxd4 14. Nxd4 d5 15. Nb5 Kd8 16. d4 Bd7 17. Bg5+ Be7 18. Bxe7+ Kxe7 19. Nd6 f6 20. f4 a5 21. Rac1 Bc6 22. Nxb7 Kd7 23. Nc5+ Ke7 24. Nxe6 Bb5 25. Nc7 Bxf1 26. Nxa8 Bc4 27. b3 Bxb3 28. axb3 Rxa8 29. Rc7+ Ke6 30. g4 fxe5 31. dxe5 Rb8 32. Rc6+ Ke7 33. Rd6 Rxb3 34. Rxd5 Rb4 35. Rxa5 Rxf4 36. h3 h5 37. gxh5 Rh4 38. Kg2 Rxh5 39. Kg3 g5 40. Kg4 Rh4+ 41. Kxg5 Rxh3 42. Ra6 Rf3 1/2-1/2

[Event "Saint Affrique op 22nd"]
[Site "Saint Affrique"]
[Date "2014.07.20"]
[Round "2"]
[White "Zachary, Matheo"]
[Black "Noireaut, Hung"]
[Result "1/2-1/2"]
[WhiteElo "1701"]
[BlackElo "2007"]
[PlyCount "49"]
[EventDate "2014.07.19"]
[EventType "swiss"]
[EventRounds "9"]
[EventCountry "FRA"]
[SourceTitle "CBM 161 Extra"]
[Source "ChessBase"]
[SourceDate "2014.08.29"]
[SourceVersion "1"]
[SourceVersionDate "2014.08.29"]
[SourceQuality "1"]

1. e4 Nf6 2. e5 Nd5 3. d4 d6 4. c4 Nb6 5. exd6 cxd6 6. Nc3 g6 7. Be3 Bg7 8. Rc1 0-0 9. b3 e5 10. dxe5 dxe5 11. Qxd8 Rxd8 12. c5 N6d7 13. Bc4 Nc6 14. Nf3 Nd4 15. Ng5 Rf8 16. Nd5 Nxc5 17. Ne7+ Kh8 18. Bxd4 exd4 19. Nxf7+ Rxf7 20. Bxf7 Nd3+ 21. Ke2 Nxc1+ 22. Rxc1 Bd7 23. Rc7 Bb5+ 24. Bc4 Bxc4+ 25. bxc4 1/2-1/2

[Event "Saint Affrique op 22nd"]
[Site "Saint Affrique"]
[Date "2014.07.19"]
[Round "1"]
[White "Noireaut, Hung"]
[Black "Brin Vervat, Emma"]
[Result "1-0"]
[WhiteElo "2007"]
[BlackElo "1541"]
[PlyCount "45"]
[EventDate "2014.07.19"]
[EventType "swiss"]
[EventRounds "9"]
[EventCountry "FRA"]
[SourceTitle "CBM 161 Extra"]
[Source "ChessBase"]
[SourceDate "2014.08.29"]
[SourceVersion "1"]
[SourceVersionDate "2014.08.29"]
[SourceQuality "1"]

1. e4 e5 2. Nf3 Nc6 3. d4 exd4 4. Nxd4 Bc5 5. Be3 Bb4+ 6. c3 Be7 7. Bc4 Nf6 8. Nd2 d5 9. exd5 Nxd5 10. Qh5 Nxd4 11. Bxd4 Be6 12. Bxg7 Rg8 13. Qxh7 f6 14. 0-0-0 Bf8 15. Rhe1 Rxg7 16. Rxe6+ Re7 17. Qh5+ Kd7 18. Qxd5+ Kc8 19. Qxd8+ Kxd8 20. Ne4+ Ke8 21. Nxf6+ Kf7 22. Rxe7+ Kxe7 23. Nd5+ 1-0

[Event "Vitrolles 1112"]
[Site "Vitrolles"]
[Date "2012.03.17"]
[Round "8"]
[White "Noireaut, Hung"]
[Black "Anton, Jose"]
[Result "1/2-1/2"]
[WhiteElo "1882"]
[BlackElo "1885"]
[PlyCount "65"]
[EventDate "2011.10.08"]
[EventType "tourn"]
[EventRounds "9"]
[EventCountry "FRA"]
[SourceTitle "EXT 2014"]
[Source "ChessBase"]
[SourceDate "2013.11.20"]
[SourceVersion "1"]
[SourceVersionDate "2013.11.20"]
[SourceQuality "1"]

1. e4 c5 2. Nc3 Nc6 3. g3 e5 4. Bg2 Nf6 5. d3 Be7 6. f4 d6 7. Nf3 Bd7 8. 0-0 Qc7 9. Nd5 Nxd5 10. exd5 Nd4 11. c3 Nxf3+ 12. Qxf3 0-0 13. f5 b5 14. Be3 Bf6 15. g4 Qd8 16. Qg3 Bh4 17. Qh3 Bg5 18. Be4 Bxe3+ 19. Qxe3 f6 20. Rf2 a5 21. Kh1 b4 22. c4 a4 23. Rg2 a3 24. b3 Bc8 25. Rag1 Ra7 26. Qg3 Rff7 27. Qh4 h6 28. Qg3 Kf8 29. h4 Ke8 30. Qh3 Qe7 31. g5 hxg5 32. hxg5 Kd8 33. g6 1/2-1/2

[Event "Vitrolles 1112"]
[Site "Vitrolles"]
[Date "2011.11.26"]
[Round "3"]
[White "Busson, Benoist"]
[Black "Noireaut, Hung"]
[Result "0-1"]
[WhiteElo "2016"]
[BlackElo "1875"]
[PlyCount "86"]
[EventDate "2011.10.08"]
[EventType "tourn"]
[EventRounds "9"]
[EventCountry "FRA"]
[SourceTitle "EXT 2014"]
[Source "ChessBase"]
[SourceDate "2013.11.20"]
[SourceVersion "1"]
[SourceVersionDate "2013.11.20"]
[SourceQuality "1"]

1. d4 d5 2. e4 dxe4 3. Nc3 Nf6 4. f3 exf3 5. Nxf3 Bg4 6. h3 Bh5 7. g4 Bg6 8. Ne5 e6 9. Bg2 c6 10. g5 Nd5 11. Qe2 Bb4 12. Nxg6 Nxc3 13. Qc4 Nd5+ 14. c3 hxg6 15. cxb4 Qd6 16. Bxd5 exd5 17. Qc3 Na6 18. Bd2 Qe6+ 19. Kd1 Kd7 20. Kc2 f5 21. Rae1 Qf7 22. Qg3 Rae8 23. a3 Re4 24. Rxe4 dxe4 25. b3 Nc7 26. Bf4 Nd5 27. Be5 Rh5 28. h4 f4 29. Qg4+ Qe6 30. Qe2 Qf5 31. b5 c5 32. Kb2 cxd4 33. Bxd4 e3 34. Qf3 Ke6 35. Bxg7 Rh7 36. Bd4 Rc7 37. Rc1 Rxc1 38. Kxc1 Qd3 39. Bb2 Qd2+ 40. Kb1 e2 41. Qg4+ Kd6 42. Qc8 e1Q+ 43. Ka2 Nc3+ 0-1

[Event "Marseille op 3rd"]
[Site "Marseille"]
[Date "2010.12.26"]
[Round "1"]
[White "Maze, Sebastien"]
[Black "Noireaut, Hung"]
[Result "1-0"]
[WhiteElo "2571"]
[BlackElo "1783"]
[PlyCount "29"]
[EventDate "2010.12.26"]
[EventType "swiss"]
[EventRounds "9"]
[EventCountry "FRA"]
[SourceTitle "CBM 140 Extra"]
[Source "ChessBase"]
[SourceDate "2011.03.01"]
[SourceVersion "1"]
[SourceVersionDate "2011.03.01"]
[SourceQuality "1"]

1. d4 d5 2. c4 e6 3. Nf3 c6 4. g3 dxc4 5. Bg2 Nf6 6. 0-0 b5 7. Nc3 Bb7 8. Qc2 a6 9. e4 Bb4 10. e5 Nd5 11. Ne4 Nd7 12. Bg5 Qc7 13. a3 Bf8 14. Bf4 c5 15. Rad1 1-0

[Event "Marseille op 2nd "]
[Site "Marseille"]
[Date "2009.12.28"]
[Round "6"]
[White "Tolila, Guy"]
[Black "Noireaut, Hung"]
[Result "0-1"]
[WhiteElo "1499"]
[BlackElo "1743"]
[PlyCount "70"]
[EventDate "2009.12.26"]
[EventType "swiss"]
[EventRounds "9"]
[EventCountry "FRA"]
[SourceTitle "CBM 134 Extra"]
[Source "ChessBase"]
[SourceDate "2010.03.03"]
[SourceVersion "1"]
[SourceVersionDate "2010.03.03"]
[SourceQuality "1"]

1. e4 Nf6 2. Nc3 d5 3. exd5 Nxd5 4. Nxd5 Qxd5 5. d4 Bf5 6. Nf3 e6 7. Be2 Be7 8. 0-0 0-0 9. a3 Nc6 10. c4 Qd7 11. Bf4 Bf6 12. Ne5 Qxd4 13. Qxd4 Nxd4 14. Rfe1 Nc2 15. b4 Nxa1 16. Rxa1 Rfd8 17. Kf1 Rd4 18. Bg3 Re4 19. f3 Rxe5 20. Bxe5 Bxe5 21. Rd1 Kf8 22. c5 Ke7 23. f4 Bb2 24. a4 Rd8 25. b5 Rxd1+ 26. Bxd1 Ba3 27. c6 bxc6 28. bxc6 Be4 29. h3 Bxc6 30. g4 Be4 31. Kf2 Bc1 32. Kg3 c5 33. h4 c4 34. f5 exf5 35. gxf5 Bxf5 0-1

[Event "FRA-ch op-C"]
[Site "Nimes"]
[Date "2009.08.16"]
[Round "6"]
[White "Gagnepain, Laurent"]
[Black "Noireaut, Hung"]
[Result "1-0"]
[WhiteElo "1726"]
[BlackElo "1746"]
[PlyCount "87"]
[EventDate "2009.08.11"]
[EventType "swiss"]
[EventRounds "11"]
[EventCountry "FRA"]
[SourceTitle "EXT 2011"]
[Source "ChessBase"]
[SourceDate "2010.11.26"]
[SourceVersion "1"]
[SourceVersionDate "2010.11.26"]
[SourceQuality "1"]

1. d4 d5 2. Nf3 e6 3. c4 c6 4. cxd5 exd5 5. Nc3 Nf6 6. Bg5 Bf5 7. Qb3 b6 8. e3 Be7 9. Ne5 0-0 10. Rd1 Ng4 11. Bxe7 Qxe7 12. Nf3 Nd7 13. Be2 Qd6 14. h3 Nh6 15. 0-0 Bg6 16. Nh4 f5 17. Nxg6 Qxg6 18. Bd3 Kh8 19. Nb1 Nf7 20. Qc2 Ng5 21. Kh2 Ne4 22. Bxe4 fxe4 23. f4 Nf6 24. Qf2 Rac8 25. Nc3 Qf5 26. Qh4 Ne8 27. g4 Qf7 28. Ne2 Nd6 29. b3 a5 30. f5 Nb5 31. Rc1 c5 32. Nf4 Qc7 33. Kh1 Rf6 34. Nxd5 Qf7 35. Nxf6 gxf6 36. Rg1 Rc6 37. g5 Nd6 38. g6 Qg7 39. gxh7 Nxf5 40. Rxg7 Nxh4 41. Rd7 Nf5 42. Rg1 Rc8 43. d5 Nxe3 44. Rdg7 1-0

[Event "FRA-ch U10"]
[Site "Le Grand Bornand"]
[Date "2007.04.??"]
[Round "4"]
[White "Noireaut, Hung"]
[Black "Kirk, Ezra"]
[Result "0-1"]
[WhiteElo "1480"]
[BlackElo "1830"]
[PlyCount "80"]
[EventDate "2007.04.07"]
[EventType "swiss"]
[EventRounds "9"]
[EventCountry "FRA"]
[SourceTitle "CBM 118 Extra"]
[Source "ChessBase"]
[SourceDate "2007.07.04"]
[SourceVersion "1"]
[SourceVersionDate "2007.07.04"]
[SourceQuality "1"]

1. e4 e5 2. Nf3 Nf6 3. d4 exd4 4. e5 Bb4+ 5. Bd2 Bxd2+ 6. Qxd2 Nd5 7. Qxd4 Nb6 8. Nc3 Nc6 9. Qd2 0-0 10. Nd4 Nxe5 11. 0-0-0 Nec4 12. Qf4 a6 13. Nf5 Na5 14. Qe5 Qg5+ 15. f4 Nc6 16. Qe4 Qf6 17. Bd3 g6 18. Ne3 d6 19. Rhf1 Bd7 20. f5 Qg7 21. Qh4 g5 22. Qh5 f6 23. h4 Be8 24. Qg4 h5 25. Qf3 g4 26. Qf2 Bf7 27. a3 d5 28. Qf4 Rac8 29. Ne2 Rfd8 30. g3 Ne5 31. Nd4 Re8 32. Rfe1 Nxd3+ 33. Rxd3 Re4 34. Qf2 Rce8 35. Nb3 Na4 36. Red1 c6 37. Nd2 R4e7 38. Re1 Nc5 39. Rc3 d4 40. Rxc5 dxe3 0-1

[Event "Hamburg Robinow op"]
[Site "Hamburg"]
[Date "2005.10.09"]
[Round "9"]
[White "Schimmelpfennig, Robin"]
[Black "Noireaut, Hung"]
[Result "1-0"]
[WhiteElo "1238"]
[BlackElo "1530"]
[PlyCount "47"]
[EventDate "2005.10.01"]
[EventType "swiss"]
[EventRounds "9"]
[EventCountry "GER"]
[SourceTitle "CBM 108 Extra"]
[Source "ChessBase"]
[SourceDate "2005.11.04"]
[SourceVersion "1"]
[SourceVersionDate "2005.11.04"]
[SourceQuality "1"]

1. e4 d5 2. exd5 Qxd5 3. Nc3 Qa5 4. d4 Nf6 5. Nf3 Bg4 6. h3 Bh5 7. g4 Bg6 8. Ne5 e6 9. h4 h6 10. Nxg6 fxg6 11. Bd3 Kf7 12. Qf3 Kg8 13. Qxb7 Qb6 14. Qxa8 c6 15. Be3 Qxb2 16. Ke2 Nbd7 17. Qxc6 Bb4 18. Bxg6 Nf8 19. Rab1 Qxc3 20. Qxc3 Bxc3 21. Bd3 Nxg4 22. Rhg1 Nf6 23. Rb7 a5 24. Rbxg7# 1-0

[Event "Hamburg Robinow op"]
[Site "Hamburg"]
[Date "2005.10.06"]
[Round "6"]
[White "Noireaut, Hung"]
[Black "Eggers, Heiko"]
[Result "1-0"]
[WhiteElo "1530"]
[BlackElo "1355"]
[PlyCount "73"]
[EventDate "2005.10.01"]
[EventType "swiss"]
[EventRounds "9"]
[EventCountry "GER"]
[SourceTitle "CBM 108 Extra"]
[Source "ChessBase"]
[SourceDate "2005.11.04"]
[SourceVersion "1"]
[SourceVersionDate "2005.11.04"]
[SourceQuality "1"]

1. e4 g6 2. d4 Bg7 3. Nc3 d6 4. Be3 Nf6 5. Bd3 0-0 6. Nge2 Nbd7 7. Qd2 e5 8. f3 b6 9. h4 h5 10. Bg5 exd4 11. Nxd4 Ne5 12. Be2 Qe7 13. Nd5 Qd8 14. f4 Neg4 15. Bxg4 Bxg4 16. Nc6 Nxe4 17. Bxd8 Nxd2 18. Kxd2 Raxd8 19. Nxd8 Rxd8 20. c3 Re8 21. Rhe1 Rxe1 22. Rxe1 Be6 23. Nxc7 Bxa2 24. Re8+ Kh7 25. Ra8 a5 26. Ra6 Bh6 27. g3 Bc4 28. Rxb6 d5 29. b3 Bf1 30. Nxd5 Bg2 31. Rb5 Bf8 32. Rxa5 Bd6 33. Nf6+ Kh6 34. Ra7 g5 35. fxg5+ Kg6 36. Ra6 Bb8 37. Nd7+ 1-0